|
|
|
|
| LEADER |
01649nam a2200373 a 4500 |
| 001 |
EBC1108580 |
| 003 |
MiAaPQ |
| 005 |
20200520144314.0 |
| 006 |
m o d | |
| 007 |
cr cn||||||||| |
| 008 |
130117r20121980enk sb 001 0 eng d |
| 020 |
|
|
|z 9780415538534
|
| 020 |
|
|
|a 9780203109199 (electronic bk.)
|
| 035 |
|
|
|a (MiAaPQ)EBC1108580
|
| 035 |
|
|
|a (Au-PeEL)EBL1108580
|
| 035 |
|
|
|a (CaPaEBR)ebr10643501
|
| 035 |
|
|
|a (CaONFJC)MIL425490
|
| 035 |
|
|
|a (OCoLC)823719427
|
| 040 |
|
|
|a MiAaPQ
|c MiAaPQ
|d MiAaPQ
|
| 050 |
|
4 |
|a HG1601
|b .W47 2012
|
| 100 |
1 |
|
|a Weston, Rae.
|
| 245 |
1 |
0 |
|a Domestic and multinational banking
|h [electronic resource] :
|b the effects of monetary policy /
|c Rae Weston.
|
| 260 |
|
|
|a Oxon [England] :
|b Routledge,
|c 2012.
|
| 300 |
|
|
|a 411 p.
|
| 490 |
0 |
|
|a Routledge library editions : banking & finance ;
|v v. 33
|
| 500 |
|
|
|a First published in 1980 by Croom Helm.
|
| 504 |
|
|
|a Includes bibliographical references and index.
|
| 505 |
0 |
|
|a pt. 1. The nature of banking -- pt. 2. The impact of regulation on domestic banks -- pt. 3. Introducing regulation into the model of uncontrolled banking -- pt. 4. The move to multinational banking -- pt. 5. The supervision and regulation of multinational banking.
|
| 533 |
|
|
|a Electronic reproduction. Ann Arbor, MI : ProQuest, 2015. Available via World Wide Web. Access may be limited to ProQuest affiliated libraries.
|
| 650 |
|
0 |
|a Banks and banking.
|
| 650 |
|
0 |
|a Banks and banking, International.
|
| 655 |
|
4 |
|a Electronic books.
|
| 710 |
2 |
|
|a ProQuest (Firm)
|
| 856 |
4 |
0 |
|u https://ebookcentral.proquest.com/lib/matrademy/detail.action?docID=1108580
|z Click to View
|